[Event "ICA Sumr Classic"]
[Site "Twin Falls, ID"]
[Date "2007.07.14"]
[Round "1.2"]
[White "Bartell, Fred"]
[Black "Laimana, Jershon"]
[Result "1-0"]
[WhiteElo "1780"]
[BlackElo "1368"]

1. e4 c5 2. Nf3 d6 3. d4 cxd4 4. Nxd4 Nf6 5. Nc3 g6 6. Be2 Bg7 7. Be3 O-O 8.
Qd2 Ng4 9. Bg5 Nc6 10. Nxc6 bxc6 11. h3 Nf6 12. Bh6 Qb6 13. Bxg7 Kxg7 14. b3
a5 15. Bf3 Ba6 16. Na4 Qb4 17. c3 Qb5 18. h4 h5 19. Rd1 Rab8 20. Nb2 Qe5 21.
Nd3 Bxd3 22. Qxd3 c5 23. c4 Rb6 24. O-O Rfb8 25. Rfe1 Rb4 26. Rb1 R8b7 27. Re2
Ra7 28. a4 Rab7 29. Ree1 Nd7 30. Re3 Nb6 31. Ree1 Nxa4 32. bxa4 Rxb1 33. Rxb1
Rxb1+ 34. Qxb1 Qf4 35. Qe1 Kf6 36. Qc3+ Ke6 37. g3 Qe5 38. Qxa5 Qa1+ 39. Kg2
Qa2 40. Qb5 Ke5 41. a5 Kd4 42. a6 f5 43. exf5 gxf5 44. Bd5 e5 45. Qb6 e4 {#r}
1-0

[Event "ICA Sumr Classic"]
[Site "Twin Falls, ID"]
[Date "2007.07.14"]
[Round "1.3"]
[White "Keelan, Thomas P"]
[Black "Unger, Graham D"]
[Result "0-1"]
[WhiteElo "1363"]
[BlackElo "1736"]

1. Nf3 Nf6 2. d4 g6 3. g3 Bg7 4. Bg2 O-O 5. O-O d5 6. h3 c6 7. Bf4 Qb6 8. Qc1
Ne4 9. Bxb8 Rxb8 10. e3 c5 11. c3 Bf5 12. Nbd2 Rbc8 13. g4 Nxd2 14. Qxd2 Be4
15. dxc5 Qxc5 16. Nd4 Bxg2 17. Kxg2 e5 18. Nb3 Qc6 19. f3 Rfd8 20. Qf2 b6 21.
Kg3 a5 22. Rad1 Rd7 23. f4 Rcd8 24. Qf3 Qa4 25. Nc1 Qe4 26. Qxe4 dxe4 27. Rxd7
Rxd7 28. Rf2 Kf8 29. Rc2 Ke7 30. Ne2 Rd3 31. Kf2 Ke6 32. h4 f5 33. g5 Kd6 34.
c4 Kc5 35. a3 Rb3 36. Nc1 Rd3 37. Nxd3+ exd3 38. Rd2 e4 39. b3 a4 40. b4+ Kxc4
41. Rd1 Kb3 42. Rc1 Bc3 43. Kf1 Kb2 44. Rd1 Kc2 {#R} 0-1

[Event "ICA Sumr Classic"]
[Site "Twin Falls, ID"]
[Date "2007.07.14"]
[Round "1.4"]
[White "Roland, Jeffrey T"]
[Black "Patterson, Emily N"]
[Result "1-0"]
[WhiteElo "1734"]
[BlackElo "1063"]

1. e4 e6 2. d4 d5 3. Nd2 c5 4. Ngf3 Nc6 5. exd5 exd5 6. c3 c4 7. a4 a5 8. b3
cxb3 9. Nxb3 Bg4 10. Bf4 Nf6 11. Bd3 Qb6 12. Rb1 Ne4 13. Nc5 Qd8 14. Nxe4 dxe4
15. Bxe4 Qe7 16. O-O Nd8 17. Re1 Qf6 18. Bc6# 1-0

[Event "ICA Sumr Classic"]
[Site "Twin Falls, ID"]
[Date "2007.07.14"]
[Round "1.7"]
[White "Abderhalden, Richard Robert"]
[Black "Harmon-Vellotti, Luke"]
[Result "0-1"]
[WhiteElo "875"]
[BlackElo "1583"]

1. e4 e6 2. d4 d5 3. e5 c5 4. c3 Nc6 5. Nf3 Nge7 6. Bd3 Ng6 7. Be3 Qb6 8. Qc2
Bd7 9. Nbd2 Rc8 10. Bxg6 hxg6 11. Qd3 cxd4 12. cxd4 Nb4 13. Qb3 Nc2+ 14. Ke2
Qxb3 15. axb3 Bb5+ 16. Kd1 Nxa1 17. Nb1 Bb4 18. Bd2 Nxb3 19. Nc3 Bd3 20. Ne1
Bf5 21. Ke2 Nxd4+ 22. Kf1 a5 23. Nf3 Nxf3 24. gxf3 a4 25. Kg2 Bxc3 26. Bxc3 d4
27. Bxd4 Rc2 28. Ra1 b5 29. Bc3 Bh3+ 30. Kg3 g5 31. f4 g4 32. Rd1 a3 33. Rb1
b4 34. Bxb4 Rxb2 35. Ra1 Rb3+ 36. f3 Rxf3# 0-1

[Event "ICA Sumr Classic"]
[Site "Twin Falls, ID"]
[Date "2007.07.14"]
[Round "1.9"]
[White "Patterson, Kevin R"]
[Black "Seiniger, Sam"]
[Result "0-1"]
[WhiteElo "722"]
[BlackElo "1458"]

1. e4 e5 2. Nf3 Nc6 3. Bc4 Bc5 4. b4 Bxb4 5. c3 Bc5 6. O-O Nf6 7. d4 exd4 8.
cxd4 Bb6 9. Nc3 O-O 10. e5 d5 11. Bb3 Ne8 12. Ba3 Bg4 13. Qd3 Bxf3 14. Qxf3
Nxd4 15. Qxd5 Qxd5 16. Bxd5 c5 17. Bxb7 Rb8 18. Be4 Nc7 19. f4 Rfd8 20. Rad1
Ncb5 21. Nxb5 Nxb5 22. Rde1 Nxa3 23. Kh1 Rd4 24. g3 Rbd8 25. Kg2 Rd2+ 26. Kh3
Rxa2 27. f5 Re8 28. Bd5 Rd2 29. Bc6 Re7 30. e6 fxe6 31. fxe6 Rd6 32. Bd7 Nc2
33. Re4 Rdxd7 34. Ref4 Rd8 35. Re4 Nd4 36. Rd1 Rxe6 37. Rf4 Rf8 38. Rg4 Ra8
39. Rh4 Nf5 40. Rf4 Ne3 41. Re1 Rh6+ 42. Rh4 Rxh4+ 43. Kxh4 Ng2+ 44. Kh3 Nxe1
45. g4 a5 46. g5 a4 {#R} 0-1

[Event "ICA Sumr Classic"]
[Site "Twin Falls, ID"]
[Date "2007.07.14"]
[Round "2.1"]
[White "Harmon-Vellotti, Luke"]
[Black "Bartell, Fred"]
[Result "0-1"]
[WhiteElo "1583"]
[BlackElo "1780"]

1. e4 e6 2. d4 d5 3. Nc3 Nc6 4. Nf3 Nge7 5. Be2 dxe4 6. Nxe4 Nf5 7. c3 b6 8.
Ng3 Nd6 9. O-O Bb7 10. Be3 h5 11. Bd3 Be7 12. Re1 h4 13. Ne2 h3 14. g3 Na5 15.
Ne5 Nc6 16. Nxc6 Bxc6 17. Qc2 Qd7 18. a4 a6 19. b4 Bb7 20. Nf4 Qc6 21. d5 exd5
22. Bd4 Kd8 23. Qe2 Re8 24. Qg4 g5 25. Nxh3 Bc8 26. Qh5 f6 27. Bg6 Rf8 28. Qh7
Qd7 29. Re2 Ne4 30. Bxe4 Qxh3 31. Qxh3 Bxh3 32. Bxd5 Rb8 33. Rae1 Bd6 34. Bc6
Bd7 35. Bxf6+ Kc8 36. Bxd7+ Kxd7 37. Bxg5 Rf3 38. Re3 Rf5 39. f4 {(Both
players stopped recording the moves, and it is no longer possible to
accurately reconstruct what happened. Black eventually won this very intense
and important game.)} {#R} 0-1

[Event "ICA Sumr Classic"]
[Site "Twin Falls, ID"]
[Date "2007.07.14"]
[Round "2.2"]
[White "Unger, Graham D"]
[Black "Harmon-Vellotti, Carl Honor"]
[Result "1-0"]
[WhiteElo "1736"]
[BlackElo "1379"]

1. e4 e5 2. Nf3 Nc6 3. Bc4 Bc5 4. c3 Nf6 5. d4 exd4 6. cxd4 Bb4+ 7. Bd2 Bxd2+
8. Nbxd2 d5 9. exd5 Nxd5 10. O-O O-O 11. a3 Nb6 12. Ba2 Nxd4 13. h3 Nxf3+ 14.
Nxf3 Qf6 15. Qd4 Qxd4 16. Nxd4 c5 17. Nf3 Bf5 18. Rfe1 Rac8 19. Re7 Nd7 20.
Nh4 Bxh3 21. gxh3 Rc7 22. Rd1 Rd8 23. Rxf7 Kh8 24. Be6 Rc6 25. Rdxd7 Rg8 26.
Rfe7 Rf8 27. Rxb7 Rd6 28. Rxg7 {#r} 1-0

[Event "ICA Sumr Classic"]
[Site "Twin Falls, ID"]
[Date "2007.07.14"]
[Round "2.3"]
[White "Seiniger, Sam"]
[Black "Roland, Jeffrey T"]
[Result "0-1"]
[WhiteElo "1458"]
[BlackElo "1734"]

1. e4 c5 2. Nc3 d6 3. f4 g6 4. Nf3 Bg7 5. b3 Nc6 6. Bb2 e6 7. Bd3 Nge7 8. O-O
O-O 9. Nh4 Nd4 10. Nf3 Nec6 11. Rb1 a6 12. Nxd4 Nxd4 13. Ne2 Nxe2+ 14. Qxe2
Bxb2 15. Rxb2 b5 16. c4 b4 17. f5 exf5 18. exf5 Qf6 19. Rbb1 Qd4+ 20. Kh1 Bb7
21. f6 Rae8 22. Qf2 Qxd3 23. Qf4 Qh3 24. Rf2 Qf5 25. Qxf5 gxf5 26. Rxf5 Kh8
{#R} 0-1

[Event "ICA Sumr Classic"]
[Site "Twin Falls, ID"]
[Date "2007.07.14"]
[Round "2.5"]
[White "Pinedo, Javier A"]
[Black "Patterson, Katie Rae"]
[Result "1-0"]
[WhiteElo "1803"]
[BlackElo "584"]

1. e4 e5 2. Nf3 Nc6 3. Bc4 Bc5 4. O-O Nf6 5. c3 d6 6. d4 exd4 7. cxd4 Bg4 8.
dxc5 Bxf3 9. Qxf3 dxc5 10. Bg5 O-O 11. Nc3 Qd6 12. Bxf6 Qxf6 13. Qxf6 gxf6 14.
Nd5 Rfd8 15. Nxf6+ Kh8 16. f4 Rd4 17. Bd5 Na5 18. Rf3 c6 19. Rh3 Kg7 20. Rxh7+
Kxf6 21. Rxf7+ Kg6 22. f5+ Kg5 23. Rg7+ Kh6 24. Rg6+ Kh7 25. Be6 Rxe4 26. Rd1
Nc4 27. Rd7+ Kh8 28. Rh6# 1-0

[Event "ICA Sumr Classic"]
[Site "Twin Falls, ID"]
[Date "2007.07.14"]
[Round "2.6"]
[White "Zumbrunnen, Randy D"]
[Black "Patterson, Emily N"]
[Result "1-0"]
[WhiteElo "2008"]
[BlackElo "1063"]

1. b4 e5 2. Bb2 d6 3. e3 Nf6 4. Nf3 Bg4 5. Be2 e4 6. Nd4 Bxe2 7. Qxe2 g6 8.
Qb5+ Nbd7 9. Qxb7 Bg7 10. O-O O-O 11. Nc6 Qe8 12. c4 Ng4 13. Bxg7 Kxg7 14. h3
Nge5 15. Nxe5 Nxe5 16. Qxe4 Qa4 17. f4 Nd7 18. f5 Rae8 19. f6+ Nxf6 20. Qd4
Re6 21. Nc3 Qxb4 22. Rxf6 Rxf6 23. Nd5 Qa5 24. Rf1 Qxa2 25. Nxf6 Rd8 26. Ne8+
Kf8 27. Qg7+ Kxe8 28. Qxf7# 1-0

[Event "ICA Sumr Classic"]
[Site "Twin Falls, ID"]
[Date "2007.07.14"]
[Round "2.8"]
[White "Laimana, Jershon"]
[Black "Patterson, Kevin R"]
[Result "1-0"]
[WhiteElo "1368"]
[BlackElo "722"]

1. e4 e6 2. Nf3 Nf6 3. e5 Nd5 4. c4 Nb4 5. a3 N4c6 6. d4 d6 7. Bg5 Be7 8. Bxe7
Qxe7 9. Be2 dxe5 10. dxe5 Nd7 11. O-O Ndxe5 12. Nc3 O-O 13. Ne4 f6 14. Qc2 Ng6
15. Ng3 f5 16. Rad1 b6 17. b4 Bb7 18. Rfe1 Nce5 19. Nxe5 Nxe5 20. Bf1 Ng6 21.
c5 Bc8 22. c6 Nh8 23. Nxf5 Qg5 24. Ng3 Nf7 25. Bc4 Ne5 26. Bb3 Re8 27. Kh1 Ng4
28. f3 Ne3 29. Qd2 Qb5 30. Qxe3 Qxc6 31. Qe5 Re7 32. Rd8+ Re8 33. Nf5 {#r} 1-0

[Event "ICA Sumr Classic"]
[Site "Twin Falls, ID"]
[Date "2007.07.14"]
[Round "2.9"]
[White "Featherston, Scott"]
[Black "Keelan, Thomas P"]
[Result "0-1"]
[WhiteElo "925"]
[BlackElo "1363"]

1. e4 e5 2. Qh5 Nc6 3. Bc4 g6 4. Qf3 Nf6 5. h3 Bg7 6. Ne2 O-O 7. O-O d6 8. b3
Na5 9. Bd3 c5 10. c4 Nc6 11. Bc2 Nd4 12. Nxd4 cxd4 13. Bd1 b6 14. g4 h5 15. g5
Nh7 16. h4 Bb7 17. d3 f5 18. Qh3 fxe4 19. Qe6+ Rf7 20. Qxg6 exd3 21. Qxd3 e4
22. Qg3 Nf8 23. f3 e3 24. Bc2 Be5 25. Qh3 e2 26. Re1 Rxf3 27. Qe6+ Nxe6 28.
Nd2 Rg3+ 29. Kf2 Rg2# 0-1

[Event "ICA Sumr Classic"]
[Site "Twin Falls, ID"]
[Date "2007.07.14"]
[Round "3.1"]
[White "Bartell, Fred"]
[Black "Roland, Jeffrey T"]
[Result "1/2-1/2"]
[WhiteElo "1780"]
[BlackElo "1734"]

1. c4 Nf6 2. Nf3 g6 3. Nc3 Bg7 4. e4 c5 5. d4 cxd4 6. Nxd4 d6 7. Be3 Ng4 8.
Bc1 Qb6 9. Nce2 e5 10. h3 Nxf2 11. Kxf2 exd4 12. Qd3 Nc6 13. Nf4 Be6 14. Nd5
Bxd5 15. cxd5 Ne5 16. Qb5+ Qxb5 17. Bxb5+ Ke7 18. Bg5+ f6 19. Bd2 a6 20. Be2
Rhf8 21. Rac1 Rac8 22. Kg3 Nd7 23. Bg4 f5 24. Bg5+ Bf6 25. Bxf6+ Nxf6 26. exf5
Ne4+ 27. Kf4 Rxc1 28. Rxc1 Nc5 29. Re1+ Kf6 30. Rd1 h5 31. Bf3 g5+ 32. Kg3
Kxf5 33. Rxd4 Ke5 34. Rd1 Ne4+ 35. Kh2 Nf6 36. Re1+ Kd4 37. Re6 g4 38. Bd1
Kxd5 39. Bb3+ Kc5 40. Re7 b5 41. Rc7+ Kb6 42. Re7 Kc6 43. Ra7 Kb6 44. Re7 gxh3
45. Kxh3 Kc5 46. Ra7 Nd5 47. Bd1 Rf2 48. g3 Rxb2 49. Rxa6 Nb4 50. Ra8 Nxa2 51.
Bxh5 Nc3 52. Rc8+ Kd4 53. g4 Ne4 54. Rb8 Ke3 55. Re8 Kd4 56. Bg6 d5 57. Bxe4
dxe4 58. g5 Rb1 59. Kg2 Ra1 60. Kf2 Ra2+ 61. Kg3 Ke3 62. Rb8 Kd2 63. g6 Ra7
64. Rxb5 Rg7 65. Kf4 e3 66. Rd5+ Ke2 67. Re5 Rxg6 68. Rxe3+ Kd2 {#d} 1/2-1/2

[Event "ICA Sumr Classic"]
[Site "Twin Falls, ID"]
[Date "2007.07.14"]
[Round "3.4"]
[White "Laimana, Jershon"]
[Black "Zumbrunnen, Randy D"]
[Result "0-1"]
[WhiteElo "1368"]
[BlackElo "2008"]

1. e4 c5 2. Nf3 Nc6 3. g3 g6 4. Bg2 Bg7 5. O-O d6 6. d3 e6 7. Nbd2 Nge7 8. c3
O-O 9. Re1 Rb8 10. Nf1 e5 11. Ne3 h6 12. Nd5 Be6 13. c4 f5 14. Nd2 f4 15. Nb3
g5 16. Bd2 Qd7 17. f3 fxg3 18. hxg3 Ng6 19. Ne3 h5 20. Nd5 g4 21. Bg5 b5 22.
Rf1 bxc4 23. dxc4 Nb4 24. Qd2 gxf3 25. Bxf3 Nxd5 26. exd5 Bh3 27. Rf2 h4 28.
Bh5 hxg3 29. Rxf8+ Rxf8 30. Bxg6 Rf2 31. Qxf2 gxf2+ 32. Kxf2 Bf5 33. Bh5 e4
34. Rg1 Kf8 35. Na5 Bd4+ 36. Be3 Qd8 37. Ke2 Qh4 38. Bh6+ Bg7 39. Bxg7+ Ke7
40. Nc6+ Kd7 41. Nb8+ Kc7 42. Nc6 Qh2+ {#R} 0-1

[Event "ICA Sumr Classic"]
[Site "Twin Falls, ID"]
[Date "2007.07.14"]
[Round "3.6"]
[White "Harmon-Vellotti, Luke"]
[Black "Abderhalden, Katherine Louise"]
[Result "1-0"]
[WhiteElo "1583"]
[BlackElo "1026"]

1. e4 e5 2. Nf3 Nc6 3. Bb5 a6 4. Ba4 Nf6 5. O-O Bc5 6. d3 h6 7. Nc3 d6 8. Be3
Bg4 9. Bxc6+ bxc6 10. Bxc5 dxc5 11. h3 Bh5 12. g4 Bg6 13. Nxe5 Qd6 14. Nxg6
fxg6 15. Qe2 O-O 16. e5 Qd4 17. exf6 Rxf6 18. Qe4 Qd6 19. Rae1 Rff8 20. Qe6+
Qxe6 21. Rxe6 Rf6 22. Rfe1 Rb8 23. b3 Rb6 24. Rxf6 gxf6 25. Ne4 f5 26. gxf5
gxf5 27. Nxc5 Kf7 28. Re6 Kg7 29. Re7+ Kg6 30. Rxc7 Kg5 31. Na4 Rb5 32. Rxc6
Ra5 33. Rc5 Rxc5 34. Nxc5 Kf6 35. Nxa6 Ke6 36. a4 Kd6 37. c4 Kc6 38. b4 Kb6
39. Nc5 h5 40. d4 Kc6 41. f4 h4 42. d5+ Kd6 43. a5 Kc7 44. b5 Kc8 45. b6 Kb8
46. d6 Kc8 47. a6 Kd8 48. a7 Ke8 49. a8=Q+ Kf7 50. d7 Kf6 51. d8=Q+ Kf7 52.
Qb7+ Kg6 53. Qg5# 1-0

[Event "ICA Sumr Classic"]
[Site "Twin Falls, ID"]
[Date "2007.07.14"]
[Round "3.7"]
[White "Viveros SE, Christopher Juan"]
[Black "Seiniger, Sam"]
[Result "0-1"]
[WhiteElo "838"]
[BlackElo "1458"]

1. e4 e5 2. Nf3 Nc6 3. d3 Nf6 4. Nc3 Bc5 5. Qe2 d6 6. h3 h6 7. Be3 Bb6 8. Bxb6
axb6 9. O-O-O Be6 10. b3 Nb4 11. Kb1 Qb8 12. a4 Qa7 13. d4 exd4 14. Qb5+ Nc6
15. Nxd4 Bd7 16. Nd5 Nxd4 17. Nxc7+ Kd8 18. Qc4 Rc8 19. Rxd4 b5 20. Qb4 Rxc7
21. f3 bxa4 22. bxa4 Re8 23. Bb5 Bxb5 24. Qxb5 Qxd4 {#R} 0-1

[Event "ICA Sumr Classic"]
[Site "Twin Falls, ID"]
[Date "2007.07.14"]
[Round "3.8"]
[White "Patterson, Katie Rae"]
[Black "Harmon-Vellotti, Carl Honor"]
[Result "0-1"]
[WhiteElo "584"]
[BlackElo "1379"]

1. e4 e5 2. Nf3 Nc6 3. Bc4 Bc5 4. c3 Nf6 5. d4 exd4 6. cxd4 Bb4+ 7. Bd2 Bxd2+
8. Nbxd2 d5 9. Bb5 dxe4 10. Bxc6+ bxc6 11. Ng5 Qxd4 12. Nb3 Qxd1+ 13. Rxd1 h6
14. Nh3 Bxh3 15. gxh3 Nd5 16. O-O Nf4 17. Rfe1 f5 18. Nd4 Nxh3+ 19. Kf1 O-O
20. Nxc6 Rf6 21. Rd8+ Rxd8 22. Nxd8 Rd6 23. Nc6 Rxc6 24. Rd1 Rd6 25. Rc1 Nf4
26. Rxc7 Rd1# 0-1

[Event "ICA Sumr Classic"]
[Site "Twin Falls, ID"]
[Date "2007.07.14"]
[Round "3.9"]
[White "Patterson, Emily N"]
[Black "Abderhalden, Richard Robert"]
[Result "0-1"]
[WhiteElo "1063"]
[BlackElo "875"]

1. e4 d6 2. d4 Nf6 3. Nc3 g6 4. Nf3 Nbd7 5. g3 Bg7 6. Bg2 O-O 7. O-O e5 8. d5
Nc5 9. Bg5 c6 10. b4 Na6 11. a3 Bg4 12. Rb1 Qc7 13. Bxf6 Bxf6 14. a4 Bg7 15.
b5 Nc5 16. h3 Bd7 17. Nd2 Rac8 18. Kh2 f5 19. Nb3 Nxb3 20. Rxb3 f4 21. g4 c5
22. f3 h5 23. a5 Kf7 24. Rg1 Rh8 25. g5 h4 26. Bf1 Rh5 27. Na2 Qd8 28. a6 b6
29. Qe1 Rxg5 30. Qxh4 Rg2+ 31. Rxg2 Qxh4 32. Rd2 Qg3+ 33. Kh1 Bxh3 34. Bxh3
Qxh3+ 35. Kg1 Rh8 36. Rg2 Qh1+ 37. Kf2 Rh2 38. Rxh2 Qxh2+ 39. Ke1 Qxc2 40. Ra3
Bf6 41. Kf1 Bh4 42. Kg1 Bg3 {#R} 0-1

[Event "ICA Sumr Classic"]
[Site "Twin Falls, ID"]
[Date "2007.07.14"]
[Round "3.10"]
[White "Patterson, Kevin R"]
[Black "Featherston, Scott"]
[Result "1-0"]
[WhiteElo "722"]
[BlackElo "925"]

1. e4 e5 2. Nf3 Nc6 3. Bc4 Qf6 4. d3 h6 5. Nc3 Bb4 6. Bd2 Bxc3 7. Bxc3 d6 8.
h3 a6 9. d4 b5 10. Bd5 Bd7 11. dxe5 dxe5 12. Nxe5 Nge7 13. Nxc6 Qf4 14. Nxe7
c6 15. Nxc6 Bxc6 16. Bxc6+ Ke7 17. Qd7+ Kf8 18. Bxa8 Qb8 19. Bd5 Qb6 20. Qxf7#
1-0

[Event "ICA Sumr Classic"]
[Site "Twin Falls, ID"]
[Date "2007.07.15"]
[Round "4.1"]
[White "Unger, Graham D"]
[Black "Bartell, Fred"]
[Result "1-0"]
[WhiteElo "1736"]
[BlackElo "1780"]

1. e4 e6 2. d4 d5 3. Nc3 dxe4 4. Nxe4 Nc6 5. Nf3 Nf6 6. Bg5 Be7 7. Nxf6+ Bxf6
8. Bxf6 Qxf6 9. c3 O-O 10. Bb5 Ne7 11. Qc2 Ng6 12. O-O-O a6 13. Bd3 Bd7 14. h4
h6 15. Bxg6 fxg6 16. Ne5 Be8 17. f3 c5 18. Qe4 Qf4+ 19. Qxf4 Rxf4 20. dxc5 Rf5
21. Rhe1 Rc8 22. b4 g5 23. g4 Rf6 24. hxg5 hxg5 25. Re3 Rc7 26. Kb2 Kf8 27.
Kb3 Ke7 28. a4 Rc8 29. Nc4 Bc6 30. Ne5 Be8 31. Nc4 Bc6 32. Nd6 Rcf8 33. Rde1
g6 34. Ne4 Rxf3 35. Nxg5 Rxe3 36. Rxe3 Rf6 37. c4 Kd7 38. b5 axb5 39. axb5 Bg2
40. Rd3+ Ke7 41. Rd2 Bf1 42. Kc3 Rf4 43. Rd4 e5 44. Rxf4 exf4 45. Ne4 Bg2 46.
Nf2 Kd7 47. Kd4 Ke6 48. Nd3 g5 49. c6 bxc6 50. b6 Kd6 51. c5+ Kd7 52. Ke5 Bf1
53. Nf2 Ba6 54. Kf6 f3 55. Ke5 Bc4 56. Kf5 Ba6 57. Ke4 Ke6 58. Kxf3 Kd5 59.
Ne4 Bc8 60. Ke3 Ba6 61. Nd6 Kxc5 62. b7 Bxb7 63. Nxb7+ Kd5 64. Nd8 Ke5 65.
Nxc6+ Kd5 66. Nb4+ Ke5 67. Nd3+ Kd5 68. Nf2 Ke5 69. Ne4 {#r} 1-0

[Event "ICA Sumr Classic"]
[Site "Twin Falls, ID"]
[Date "2007.07.15"]
[Round "4.5"]
[White "Harmon-Vellotti, Carl Honor"]
[Black "Harmon-Vellotti, Luke"]
[Result "0-1"]
[WhiteElo "1379"]
[BlackElo "1583"]

1. c4 e5 2. Nc3 Nc6 3. g3 Nf6 4. Bg2 Bc5 5. d3 d6 6. Nf3 Be6 7. O-O Bb4 8. Bd2
O-O 9. a3 Bxc3 10. Bxc3 Ne8 11. Ng5 Qxg5 12. e3 Qe7 13. f4 exf4 14. exf4 Nf6
15. Re1 Qd8 16. b4 Nd7 17. b5 Ne7 18. Bxb7 Rb8 19. Be4 Nc5 20. Bg2 d5 21. Bb4
dxc4 22. Bxc5 Rxb5 23. Bxe7 Qxe7 24. dxc4 Qc5+ 25. Kh1 Qxc4 26. Re4 Qb3 27.
Qxb3 Bxb3 28. Rb4 a6 29. Rb1 Rxb4 30. axb4 Ba4 31. Ra1 Bb5 32. Bb7 Rb8 33.
Bxa6 Bc6+ 34. Kg1 Rxb4 35. Rc1 Rb6 36. Bd3 Kf8 37. Kf2 Ke7 38. Ke3 h6 39. Be4
Rb3+ 40. Bd3 Bb5 41. Rd1 Rxd3+ 42. Rxd3 Bxd3 43. Kxd3 Ke6 44. Kd4 Kf5 {#R} 0-1

[Event "ICA Sumr Classic"]
[Site "Twin Falls, ID"]
[Date "2007.07.15"]
[Round "4.6"]
[White "Pinedo, Javier A"]
[Black "Laimana, Jershon"]
[Result "1-0"]
[WhiteElo "1803"]
[BlackElo "1368"]

1. e4 c5 2. f4 e6 3. Nf3 Be7 4. c3 Nh6 5. d4 Ng4 6. Bc4 Qb6 7. d5 d6 8. h3 Nf6
9. Qe2 O-O 10. g4 exd5 11. exd5 Bd7 12. O-O Qd8 13. Nbd2 Nxg4 14. hxg4 Bxg4
15. Qg2 h5 16. Ne4 f5 17. Neg5 Bxg5 18. Nxg5 Re8 19. Bd2 Nd7 20. Rae1 Nf6 21.
Ne6 Qb6 22. b3 Ne4 23. Rxe4 fxe4 24. Qxe4 Qd8 25. Bd3 Qf6 26. Qh7+ Kf7 27. f5
Rh8 28. Qg6+ Kg8 29. Qg5 Kf7 30. Qf4 Ke7 31. Nc7 Raf8 32. Re1+ Kd7 33. Re6
Kxc7 34. Rxf6 Rxf6 35. b4 b6 36. bxc5 bxc5 37. Qa4 Kb8 38. Qb5+ Kc7 39. Qc6+
Kb8 40. Ba6 Rf7 41. Qxd6+ Rc7 42. Bf4 {#r} 1-0

[Event "ICA Sumr Classic"]
[Site "Twin Falls, ID"]
[Date "2007.07.15"]
[Round "4.7"]
[White "Viveros SE, Christopher Juan"]
[Black "Keelan, Thomas P"]
[Result "0-1"]
[WhiteElo "838"]
[BlackElo "1363"]

1. e4 e5 2. Nf3 Nf6 3. Nc3 Nc6 4. d3 Be7 5. Be3 d6 6. h3 O-O 7. d4 a6 8. d5
Na7 9. b3 c5 10. Bg5 h6 11. Bxf6 Bxf6 12. a4 Bd7 13. Nb1 b5 14. axb5 Nxb5 15.
c4 Nd4 16. Nxd4 exd4 17. Bd3 Qb6 18. O-O Rfb8 19. Nd2 a5 20. Qc2 Ra6 21. Rfb1
Rba8 22. Ra3 Qb4 23. Qc1 Bg5 24. Rb2 Qxa3 25. Qb1 Bxd2 26. Rxd2 Qb4 27. Rb2
Rb8 28. Bc2 a4 29. f3 Qc3 30. Qa2 a3 31. Rb1 d3 32. Bd1 d2 {#R} 0-1

[Event "ICA Sumr Classic"]
[Site "Twin Falls, ID"]
[Date "2007.07.15"]
[Round "4.8"]
[White "Patterson, Katie Rae"]
[Black "Abderhalden, Katherine Louise"]
[Result "0-1"]
[WhiteElo "584"]
[BlackElo "1026"]

1. e4 e5 2. Nf3 Nc6 3. Bc4 Bc5 4. b4 Bb6 5. O-O Nf6 6. Nc3 d6 7. b5 Nd4 8. Ng5
O-O 9. Nxf7 Rxf7 10. Bxf7+ Kxf7 11. Ne2 Bg4 12. f3 Nxf3+ 13. Kh1 Nd4 14. c3
Nxe2 15. Qb3+ Be6 16. Qc2 Nxc1 17. Qxc1 Bc4 18. Rf3 Kg8 19. d3 Bxb5 20. c4 Bd7
21. Qc3 Bd4 22. Qb3 Bxa1 23. c5+ Kh8 24. cxd6 cxd6 25. Qxb7 Rb8 26. Qxb8 Qxb8
27. Rf1 Bd4 28. a4 h6 29. a5 Bb5 30. Rb1 a6 31. Rb4 Qc7 32. Rb1 Qxa5 33. h3
Bxd3 34. Rd1 Bxe4 35. Rf1 Qd2 36. h4 Qxg2# 0-1

[Event "ICA Sumr Classic"]
[Site "Twin Falls, ID"]
[Date "2007.07.15"]
[Round "4.9"]
[White "Abderhalden, Richard Robert"]
[Black "Patterson, Kevin R"]
[Result "1-0"]
[WhiteElo "875"]
[BlackElo "722"]

1. e4 e6 2. d4 d5 3. e5 c5 4. Nf3 Nc6 5. c3 Qb6 6. b3 Nge7 7. Be3 Nf5 8. Be2
Nxe3 9. fxe3 Ne7 10. Na3 Nf5 11. Nc2 Be7 12. O-O O-O 13. Rb1 Bd7 14. Bd3 Rac8
15. Qd2 Qd8 16. a3 a6 17. b4 c4 18. Bxf5 exf5 19. Qe2 f6 20. Nh4 fxe5 21. Nf3
e4 22. Nd2 Bg5 23. Rf2 Rc6 24. Rff1 Rh6 25. Rf2 Qc7 26. g3 Rhf6 27. Rbf1 f4
28. exf4 Bxf4 29. Rxf4 Rxf4 30. Rxf4 Rxf4 31. gxf4 Qxf4 32. Qf2 Qg5+ 33. Qg2
Qh6 34. Kh1 Bf5 35. Qe2 Qe6 36. Ne3 g6 37. Ndf1 Qd7 38. Ng3 Be6 39. Qb2 h5 40.
h4 Bg4 41. Nxg4 Qxg4 42. Qh2 Qf3+ 43. Qg2 Qxc3 44. Ne2 Qxa3 45. Qxg6+ Kf8 46.
Qd6+ Kg7 47. Ng3 Qf3+ 48. Kh2 Qf2+ 49. Kh3 Qf3 50. Qe7+ Kg8 51. Qg5+ Kf8 52.
Qf5+ Qxf5+ 53. Nxf5 c3 54. Ne3 Ke7 55. Nxd5+ Kd6 56. Nxc3 e3 57. Kg3 b6 58. b5
a5 59. Kf3 a4 60. Nxa4 {#r} 1-0

[Event "ICA Sumr Classic"]
[Site "Twin Falls, ID"]
[Date "2007.07.15"]
[Round "4.10"]
[White "Featherston, Scott"]
[Black "Patterson, Emily N"]
[Result "0-1"]
[WhiteElo "925"]
[BlackElo "1063"]

1. e4 e6 2. Qh5 Nf6 3. Qf3 Nc6 4. Bc4 d5 5. exd5 exd5 6. Bd3 Bc5 7. Nh3 O-O 8.
O-O Nd4 9. Qd1 Bxh3 10. gxh3 Qd7 11. f4 Qxh3 12. Nc3 Nf3+ 13. Kh1 Qxh2# 0-1

[Event "ICA Sumr Classic"]
[Site "Twin Falls, ID"]
[Date "2007.07.15"]
[Round "5.1"]
[White "Zumbrunnen, Randy D"]
[Black "Unger, Graham D"]
[Result "1/2-1/2"]
[WhiteElo "2008"]
[BlackElo "1736"]

1. e4 c6 2. d4 d5 3. Nc3 dxe4 4. Nxe4 Bf5 5. Ng3 Bg6 6. h4 h6 7. Nf3 Nd7 8. h5
Bh7 9. Bd3 Bxd3 10. Qxd3 e6 11. Bf4 Ngf6 12. Ne4 Nxe4 13. Qxe4 Nf6 14. Qe2 Be7
15. O-O-O O-O 16. Kb1 Nd5 17. Be5 Qb6 18. Ka1 Bf6 19. g3 Bxe5 20. dxe5 Rad8
21. Rd3 Ne7 22. Rb3 Qc7 23. Re3 Rd7 24. c3 c5 25. g4 Rfd8 26. Rg1 Kh8 27. a3
b6 28. Ka2 Rd5 29. Qc4 Qd7 30. Ree1 Qb7 31. Qe4 R5d7 32. Qxb7 Rxb7 33. Kb3 Kg8
34. Rd1 Rbd7 35. Rxd7 Rxd7 36. Kc2 Kf8 37. b4 Nc6 38. b5 Na5 39. Nd2 Ke7 40.
f4 Rd5 41. a4 f6 42. Re1 Kf7 43. Re4 Ke7 44. Nf3 Kf7 45. c4 Rd8 46. f5 fxe5
47. Nxe5+ Kf6 48. fxe6 Rd6 49. e7 Re6 50. e8=Q Rxe8 51. Nd7+ Kf7 52. Rxe8 Kxe8
53. Ne5 Ke7 54. Kc3 Kf6 55. Nf3 {#d} 1/2-1/2